Statistics for Eurovision Song Contest: Winners (2000–2021)

Click here to take the quiz!

General Stats

  • This quiz has been taken 4,418 times
    (983 since last reset)
  • The average score is 12 of 21

Answer Stats

YearSong% Correct
2010sToy
83%
2010sArcade
82%
2010sEuphoria
77%
2010sHeroes
77%
2000sFairytale
74%
2010s1944
69%
2020sZitti e buoni
67%
2010sRise Like a Phoenix
66%
2010sOnly Teardrops
65%
2010sSatellite
63%
2000sHard Rock Hallelujah
53%
2010sRunning Scared
53%
2000sMolitva
52%
2000sWild Dances
51%
2000sMy Number One
48%
2000sBelieve
46%
2000sFly on the Wings of Love
39%
2000sEverybody
37%
2010sAmar pelos dois
36%
2000sEveryway That I Can
36%
2000sI Wanna
35%

Score Distribution

Percentile by Number Answered

Percent of People with Each Score

Your Score History

You have not taken this quiz since the last reset